• 首页
  • 本馆介绍
  • 公告通知
  • 最新文献
  • 馆藏检索
  • 电子资源
  • 读者导购
  • 参考咨询
  • 我的图书馆
  • 登录
  • 详细信息显示
  • 放入我的书架
  • 预约/预借图书
  • 作者相关作品
  • 分类相关作品
  • 丛书相关作品
  • 出版社相关作品

书目信息

  • 表格格式
  • 工作单格式
  • 卡片格式
题名:
把农村建设得更像农村
    
 
作者: 柳建 著
分册:   戴维村
出版信息: 南京   江苏凤凰科学技术出版社  2019
页数: 127页
开本: 24cm
丛书名: 中国乡村建设系列丛书
单 册:
中图分类: TU26 , TU2
科图分类:
主题词: 建筑设计--雅安
电子资源:
ISBN: 978-7-5537-9854-7
000 00985oam2 2200265 450
001 2365348090
005 20231102180925.96
010    @a978-7-5537-9854-7@dCNY58.00
100    @a20190406d2019 em y0chiy50 ea
101 0  @achi
102    @aCN@b320000
105    @aa z 000yy
200 1  @a把农村建设得更像农村@9ba nong cun jian she de geng xiang nong cun@i戴维村@f柳建著
210    @a南京@c江苏凤凰科学技术出版社@d2019
215    @a127页@c图@d24cm
225 1  @a中国乡村建设系列丛书
300    @a清农学堂系列教材 湖南农道公益基金会资助
330    @a本书重点展示了四川省雅安市戴维村的设计与规划,作为一个地震灾后重建的村落,设计师在建设过程中有意提取了文化元素并加以突出。此外,书中涵盖了详尽的建筑施工图和景观效果图,让读者能从图中直观了解不同乡村建筑的风格与结构。
461  0 @12001 @a中国乡村建设系列丛书
606 0  @a建筑设计@y雅安
690    @aTU26@v5
690    @aTU2@v4
701  0 @a柳建@9liu jian@4著
801  0 @aCN@b91MARC@c20190406
905    @aBZT@dTU2@e15:5
    
    把农村建设得更像农村.戴维村/柳建著.-南京:江苏凤凰科学技术出版社,2019
    127页:图;24cm.-(中国乡村建设系列丛书)
    清农学堂系列教材 湖南农道公益基金会资助
    
    ISBN 978-7-5537-9854-7:CNY58.00
    本书重点展示了四川省雅安市戴维村的设计与规划,作为一个地震灾后重建的村落,设计师在建设过程中有意提取了文化元素并加以突出。此外,书中涵盖了详尽的建筑施工图和景观效果图,让读者能从图中直观了解不同乡村建筑的风格与结构。
●
相关链接 在五车中查询图书 在当当中查询图书 在豆瓣中查询图书


正题名:把农村建设得更像农村     索取号:TU2/15:5         预约/预借

序号 登录号 条形码 馆藏地/架位号 状态 备注
1 2000977375   2000977375   中教、安徽混合/山东中教(第一批)/105/ [索取号:TU2/15:5] 在馆    
2 2000977376   2000977376   中教、安徽混合/山东中教(第一批)/107/ [索取号:TU2/15:5] 在馆    
3 2000977377   2000977377   中教、安徽混合/山东中教(第一批)/105/ [索取号:TU2/15:5] 在馆    
4 2000977378   2000977378   中教、安徽混合/山东中教(第一批)/105/ [索取号:TU2/15:5] 在馆    
5 2000977379   2000977379   中教、安徽混合/山东中教(第一批)/105/ [索取号:TU2/15:5] 在馆    
6 2000977380   2000977380   中教、安徽混合/山东中教(第一批)/105/ [索取号:TU2/15:5] 在馆    
山东省滨州职业学院图书馆 欢迎您!
大连网信软件有限公司© 版权所有